000
00242nam a2200109Ia 4500
008
220204s9999 xx 000 0 und d
082
_a
82-3
_b
WAL;2
100
_a
Irving
245
4
_a
The Word
260
_a
New York
_b
Pocket
_c
1973
942
_c
BK
999
_c
28585
_d
28585